Muerte y resurrección en la predicación (Registro nro. 69612)
[ vista simple ]
| 000 -LÍDER | |
|---|---|
| Campo fijo de descripción fija | 01298nab a2200217 i 4500 |
| 001 - NÚMERO DE CONTROL | |
| Campo de control | 768714001 |
| 003 - IDENTIFICADOR DEL NÚMERO DE CONTROL | |
| Campo de control | CO-MdFUSB |
| 005 - FECHA Y HORA DE LA ULTIMA TRANSACCIÓN | |
| control field | 20240509144147.0 |
| 008 - ELEMENTOS DE LONGITUD FIJA -- INFORMACIÓN GENERAL | |
| Campo fijo de descripción fija -- Información general | 240508t1968 sp ||||| |||| 00| 0 spa d |
| 040 ## - FUENTE DE CATALOGACIÓN | |
| Idioma de catalogación | spa |
| Agencia que realiza la transcripción | CO-MdFUSB |
| Agencia que realiza la modificación | CO-MdFUSB |
| 041 ## - CÓDIGO DE IDIOMA | |
| Código de idioma para texto/pista de sonido o título separado | spa |
| 100 ## - ASIENTO PRINCIPAL--NOMBRE PERSONAL | |
| Nombre personal | Breuning, Wilhelm, |
| Término relacionador | autor |
| 245 ## - TÍTULO | |
| Título | Muerte y resurrección en la predicación |
| Mención de responsabilidad | / Wilhelm Breuning |
| 520 ## - NOTA DE RESUMEN, ETC. | |
| Nota de sumario, etc. | La resurrección de Cristo también es fundamental para el mensaje del Evangelio. Nuestra salvación depende de la resurrección corporal de Jesucristo.<br/>En su número de junio de 1967, la revista Concilium ofrecía a sus lectores información sobre la muerte y la vida después de la muerte. Se concluye que, aunque los problemas de la escatología enfrentan una confusión generalizada, la búsqueda comienza a revelar mucho más de lo que uno podría sospechar en un principio. Nos referimos a este artículo porque es expresamente la base de las siguientes reflexiones. |
| 650 #7 - ASIENTO SECUNDARIO DE MATERIA - TERMINO TEMÁTICO | |
| Término temático o nombre geográfico como elemento de entrada | Liturgia |
| 9 (RLIN) | 206 |
| 650 #7 - ASIENTO SECUNDARIO DE MATERIA - TERMINO TEMÁTICO | |
| Término temático o nombre geográfico como elemento de entrada | Resurrección |
| 9 (RLIN) | 214 |
| 650 #0 - ASIENTO SECUNDARIO DE MATERIA - TERMINO TEMÁTICO | |
| Término temático o nombre geográfico como elemento de entrada | Muerte |
| 9 (RLIN) | 1613 |
| 773 0# - ASIENTO DE ITEM FUENTE | |
| Biblionumber | 49450 |
| Itemnumber | 82592 |
| Otro identificador del ítem | R2522 |
| Título | Revista internacional de teología Concilium |
| Número de control del registro | (CO-MdFUSB)8 |
| Número Internacional Normalizado para Publicaciones Seriadas (ISSN) | 0210-1041 |
| Parte(s) relacionada(s) / Volumen., número. (mes año), páginas | Número 32, (febrero, 1968), páginas: 177 - 196 |
| Enumeración y primera página | página: 177 |
| 942 ## - TIPO DE MATERIAL (KOHA) | |
| Tipo de Item KOHA | Artículos de Revista |
| 945 ## - INFORMACIÓN LOCAL DEL REGISTRO | |
| Catalogador | Catherine Arias Alvarez - Practicante SENA |
No hay ítems disponibles.
